Дворянское гнездо

Podrobná bibliografie
Hlavní autor: И. С. Тургенев
Další autoři: И. И. Мурзак (220)
Shrnutí:Книга находится в премиум-версии платформы «Русский как иностранный».
Читать Тургенева, хотя бы для того, чтобы поразмышлять о жизни, которая точно указывает предел, за которым кончается надежда.
Vydáno: Москва, РИПОЛ классик, 2013
Témata:
On-line přístup:Перейти к просмотру издания
Médium: Elektronický zdroj

MARC

LEADER 00000 a2200000 4500
001 RU/ROS-EDU.RU/85526
856 4 |u https://www.ros-edu.ru/book?id=85526  |z Перейти к просмотру издания 
010 |a 978-5-386-06401-3 
100 |a 20130101d2013 |||y0rusy0250  
105 |a y z 000zy 
101 0 |a rus 
102 |a RU 
200 1 |a Дворянское гнездо  |b Электронный ресурс  |f И. С. Тургенев  |g сост. И. И. Мурзак 
700 1 |b И. С.  |a Тургенев  |4 070 
702 1 |b И. И.  |a Мурзак  |4 220 
330 |a Читать Тургенева, хотя бы для того, чтобы поразмышлять о жизни, которая точно указывает предел, за которым кончается надежда. 
210 |a Москва  |c РИПОЛ классик  |d 2013 
610 1 |a художественная литература 
610 1 |a отечественная проза 
610 1 |a классика 
610 1 |a роман 
610 1 |a любовь 
675 |a 82 
686 |a 84  |2 rubbk 
300 |a Книга находится в премиум-версии платформы «Русский как иностранный». 
215 |a 224 с.